Normal view
MARC view
- Najeebabdi, Akbar Shah Khan
Entry Personal Name
001 - CONTROL NUMBER
- control field: 106247
003 - CONTROL NUMBER IDENTIFIER
- control field: NUST
005 - DATE AND TIME OF LATEST TRANSACTION
- control field: 20221228141900.0
008 - FIXED-LENGTH DATA ELEMENTS
- fixed length control field: 221228|| aca||aabn | a|a d
040 ## - CATALOGING SOURCE
- Original cataloging agency: NUST
- Transcribing agency: NUST
100 ## - HEADING--PERSONAL NAME
- Personal name: Najeebabdi, Akbar Shah Khan
670 ## - SOURCE DATA FOUND
- Source citation: Work cat.: (NUST)185655: Najeebabdi, Akbar Shah Khan, History of Islam VOL-3, 2001
